| 000 | 00976nam a22003137a 4500 | ||
|---|---|---|---|
| 001 | 0023975 | ||
| 003 | KOHA_MİRAKIL | ||
| 005 | 20260207002426.0 | ||
| 007 | ta | ||
| 008 | 101108b1998 tu |||gr||||#||||0|tur | | ||
| 020 |
_a9753220383 _c3,5 |
||
| 040 |
_aTR-BiSEU _btur _cTR-BiSEU _erda |
||
| 041 | 0 | _atur | |
| 044 | _ctu | ||
| 050 |
_aBF637 _b.A42 1998 |
||
| 100 | 1 | _aAlder, Harry. | |
| 245 | 1 |
_aYöneticiler için NPL/ _cHarry Alder ; Harry Alder; çeviren Tevfik Ertan. |
|
| 264 | 1 |
_aİstanbul : _bSistem Yayıncılık _c1998 |
|
| 300 | _a259 sayfa; 22 cm. | ||
| 336 |
_ametin _btxt _2rdacontent |
||
| 337 |
_aaracısız _bn _2rdamedia |
||
| 338 |
_acilt _bnc _2rdacarrier |
||
| 490 | 1 |
_aSistem yayıncılık ; _v167 NLP dizisi. |
|
| 650 | 0 |
_aNörobilimsel programlama. _949186 |
|
| 650 | 0 |
_aYöneticiler--Psikoloji. _916256 |
|
| 650 | 0 |
_aBaşarı--Psikolojik yönleri. _911022 |
|
| 830 | 1 |
_aSistem yayıncılık ; _v167 NLP dizisi. _95540 |
|
| 942 |
_2lcc _cBK |
||
| 999 |
_c23928 _d23928 |
||